000 00795nam a22002537a 4500
003 UA-OsUOA
001 102532
007 ta
008 20130917b un ||||| |||| 00| 0 ukr d
100 _aІваніченко Ю.
700 _aЛьвовський М.
090 _a343.3/7
_bІ-99
942 _cBK
040 _aUA-OsUOA
_bukr
_cUA-OsUOA
_dUA-OsUOA
245 _aПавутиння лиха. Терор і наркотики
_bдокументально-публіцистичне дослідження
300 _a352 с.
955 _a5
041 _aukr
080 _a343.3/7
020 _a978-966-435-163-5
260 _aСімферополь
_bТаврія
_c2007
650 7 _a343 Кримінальне право. Карні порушення
_2UDC
999 _c388700
_d388700